000 00992nam a2200277Ia 4500
003 OSt
005 20221005111138.0
006 a|||||r|||| 00| 0
007 ta
008 221004b |||||||| |||| 00| 0 hin d
020 _a8170555507 (hbk)
_c300
024 _a11102
037 _b330, 20/03/2014, Vani Prakashan
_cTextual
040 _aCRL
_cCRL
_bhin
041 _2hin
_ahin
082 _aO152,3:g, P7
100 _aयादव, राजेन्द्र
245 0 _aउपन्यास
_b स्वरूप और संवेदना
246 _aUpanyāsa: svarūp aur sanvedanā
250 _a2 संस्करण
260 _aनई दिल्ली
_bवाणी प्रकाशन भारत
_c2007
300 _a265पृ0
_ccm.
650 _aहिन्दी साहित्य
942 _hO152,3:g, P7
_cTEXL
_2cc
999 _c1020952
_d1020952